000 00752nam a2200229Ia 4500
003 GCL
005 20240530103100.0
008 140319s9999 xx 000 0 ara d
040 _aGCL /
_cGCL
082 0 4 _a346.02
_bع ا
100 1 _aعبدالمنعم فرج الصدة
245 1 0 _aالاستغلال كسبب لابطال العقد /
_cعبدالمنعم فرج الصدة
260 _a[ بيروت ] :
_bجامعة بيروت العربية ،
_c1974
300 _a34 ص؛
_b24 سم
490 _aجامعة بيروت العربية
_v0
650 0 4 _aالقانون
650 0 4 _aمصر
650 0 4 _aلبنان
650 0 4 _aقانون الملكية
650 0 4 _aقانون العقود والتوكيلات
942 _2ddc
_cBK
999 _c36672
_d36672